[Event "POL-chT DMP Ekstraliga 2019"]
[Site "Katowice"]
[Date "2019.08.28"]
[Round "1.18"]
[White "Zawadzka, Jolanta"]
[Black "Warakomska, Anna"]
[Result "1/2-1/2"]
[WhiteElo "2407"]
[BlackElo "2241"]
[Annotator "TA"]
[PlyCount "114"]
[EventDate "2019.08.28"]
[EventType "team-tourn"]
[EventCountry "POL"]
[SourceTitle "playchess.com"]
[Source "ChessBase"]
[SourceQuality "1"]

{[%evp 23,114,29,56,59,62,62,95,79,91,64,77,52,72,48,52,26,34,30,73,40,54,42,84,22,41,22,63,49,50,58,79,76,91,44,41,41,49,44,66,46,144,76,80,62,102,102,97,106,101,56,56,56,58,27,27,9,47,37,39,39,50,15,27,27,27,27,43,8,8,8,12,9,9,2,3,0,0,0,0,0,0,0,0,0,0,0,0,0,0,0,0,0,0]} 1. e4 e5 2. Nf3 Nc6 3. Bb5 Nf6 4. Qe2 a6 5. Ba4 Be7 6. O-O b5 7. Bb3 O-O 8. c3 d6 9. Rd1 Na5 10. Bc2 c5 11. d4 Qc7 12. d5 c4 13. b4 {C86: Closed Ruy Lopez: Worrall Attack} cxb3 14. axb3 {[#]} Re8 $146 ({Predecessor:} 14... Bg4 15. h3 Bh5 16. Bb2 Rfb8 17. Rc1 Bxf3 18. Qxf3 Nd7 19. Qg4 h6 20. h4 Nf6 {1-0 (39) Tiviakov,S (2655)-Almasi,Z (2650) Groningen 1998}) 15. Bd2 {White is better.} Bd7 16. Rc1 Rec8 17. h3 Bd8 18. c4 Nb7 {[%cal Rb5c4]} 19. Na3 {[%cal Rc4b5]} bxc4 $1 20. Nxc4 a5 21. Bd3 {Threatens to win with Ncxe5.} Qb8 $1 22. Rcb1 $36 {[%mdl 2048] White is pushing.} Be8 23. Qe1 (23. b4 $16 {[%cal Rb4a5]} a4 24. Ra3) 23... Qc7 24. Bf1 Nd7 25. Ra3 Ndc5 26. Be3 Bb5 27. Nfd2 Qd7 28. f3 Na6 29. Rc1 Nb4 30. Raa1 f6 31. Na3 Nd3 {[#]} (31... Bd3 $14) 32. Bxd3 (32. Rxc8 $142 $1 Rxc8 33. Qb1) 32... Bxd3 $16 33. Ndc4 Nc5 {[#]} 34. Qd1 $1 Bxc4 35. Nxc4 Rab8 36. Ra3 Rb5 37. Kh2 Rcb8 {[%cal Rc5b3]} 38. Bxc5 (38. Rc3 {is interesting.} Bc7 39. Nb2 Na6 40. Qc1 Bd8 41. g4) 38... Rxc5 39. Rca1 {[%cal Rc4a5]} Rcb5 40. Qc2 {[%cal Rc4a5]} Rc8 41. Qd3 Rcb8 42. Rc1 Rc5 43. Rc2 Bc7 44. Rca2 {[%cal Rc4a5]} Rcb5 45. Qe3 {[%cal Rc4a5]} f5 {The position is equal.} 46. Nxa5 Bxa5 47. Rxa5 Rxb3 48. Ra7 Qd8 49. Qf2 f4 50. Rc2 R3b7 51. Rxb7 Rxb7 $11 {[%mdl 4096] Endgame KQR-KQR} 52. Rc6 h5 53. Qc2 {Black must now prevent Rc8!} Qh4 {aiming for ...Qg3+.} 54. Rxd6 {Qc8+ is the strong threat.} Qg3+ 55. Kh1 Qe1+ (55... Kh7 $5 56. Qc1 $8 Rb2 57. Qxb2 Qe1+ 58. Kh2 Qg3+ 59. Kh1 Qe1+ 60. Kh2 Qg3+ 61. Kh1 $11) 56. Kh2 {Intending Qc8+ and mate.} Qg3+ (56... Kh7 $5 57. Rg6 $8 Rb1 58. Rxg7+ Kh6 59. Qc6+ Kxg7 60. Qd7+ Kg6 61. Qe8+ Kh6 62. Qf8+ Kg6 63. Qf5+ Kh6 64. Qf6+ Kh7 65. Qf7+ Kh8 66. Qxh5+ Kg8 67. Qg6+ Kh8 68. Qf6+ Kh7 69. Qf7+ Kh8 70. Qf6+ Kh7 71. Qf5+ Kh6 72. Qf6+ Kh7 $11) 57. Kh1 {Threatening Qc1.} Qe1+ {Accuracy: White = 48%, Black = 57%.} (57... Kh7 $5 58. Qc1 $8 Rb2 59. Rh6+ (59. Qxb2 Qe1+ 60. Kh2 Qg3+ 61. Kh1 Qe1+ 62. Kh2 Qg3+ 63. Kh1 $11) 59... Kxh6 60. Qxb2 Qe1+ 61. Kh2 Qg3+ 62. Kh1 Qe1+ 63. Kh2 Qg3+ 64. Kh1 $11) 1/2-1/2

[Event "POL-chT DMP Ekstraliga 2019"]
[Site "Katowice"]
[Date "2019.08.28"]
[Round "1.19"]
[White "Matuszewski, Michal"]
[Black "Piorun, Kacper"]
[Result "1/2-1/2"]
[WhiteElo "2518"]
[BlackElo "2660"]
[Annotator "TA"]
[PlyCount "56"]
[EventDate "2019.08.28"]
[EventType "team-tourn"]
[EventCountry "POL"]
[SourceTitle "playchess.com"]
[Source "ChessBase"]
[SourceQuality "1"]

{[%evp 9,56,-8,0,-2,-5,-20,-25,-10,0,-37,4,0,15,7,15,9,8,4,18,18,57,45,37,33,81,-57,-59,-75,-87,-98,0,-108,-113,-86,0,0,20,26,32,0,34,25,44,34,42,0,42,0,41]} 1. d4 Nf6 2. Bg5 c6 3. c3 d5 4. Nd2 Bf5 5. Qb3 (5. Ngf3 e6 6. Qb3 Qb6 7. Nh4 Bg6 8. Nxg6 hxg6 9. e3 Nbd7 10. h3 Bd6 11. Bf4 Bxf4 12. exf4 {0-1 (26) Moskalenko,V (2504)-Sargissian,G (2680) Sharjah 2018}) 5... Qc8 6. Bxf6 {D00: 1 d4 d5: Unusual lines} exf6 7. g3 $146 ({Predecessor:} 7. Ngf3 Bd6 8. g3 O-O 9. Bg2 Re8 10. Kf1 Bh3 11. Re1 a5 {1-0 (19) Klawitter,B-Schaefer,E GER email 2009}) 7... Bd6 8. c4 {Black has an edge.} O-O 9. Bg2 Na6 10. a3 dxc4 11. Nxc4 Be7 12. e3 Be6 $36 {[%mdl 2048] Black has good play.} 13. Qc2 Rd8 14. Ne2 c5 {Hoping for ...cxd4.} 15. Na5 Rb8 16. O-O Bh3 17. Qe4 (17. Bxh3 $16 Qxh3 18. Rfd1) 17... Bf5 $1 $15 {[%cal Rf5e4]} 18. Qf3 Bg4 19. Qe4 Bf5 (19... Bxe2 $17 20. Rfe1 Qc7 21. Nxb7 (21. Rxe2 $2 f5 $19) 21... Bh5 22. Nxd8 Qxd8) 20. Qf4 {[#]} ({Much weaker is} 20. Qxe7 Rd7 $17) (20. Qf3 $11) 20... Bd6 $1 $17 {[%cal Rd6f4]} 21. Qh4 {[#]} Bc7 (21... Bg4 $1 $17 {aiming for ...h5.} 22. f3 Be6) 22. Nb3 $1 $11 b6 23. Nc3 Bd6 24. Rac1 Qe6 25. Bd5 Qe7 26. Bf3 Qe6 27. Bd5 Qe7 28. Bf3 Qe6 {Accuracy: White = 47%, Black = 35%.} 1/2-1/2

[Event "POL-chT DMP Ekstraliga 2019"]
[Site "Katowice"]
[Date "2019.08.28"]
[Round "1.20"]
[White "Bluebaum, Matthias"]
[Black "Leniart, Arkadiusz"]
[Result "1-0"]
[WhiteElo "2619"]
[BlackElo "2488"]
[Annotator "TA"]
[PlyCount "81"]
[EventDate "2019.08.28"]
[EventType "team-tourn"]
[EventCountry "POL"]
[SourceTitle "playchess.com"]
[Source "ChessBase"]
[SourceQuality "1"]

{[%evp 20,81,83,83,70,82,111,114,122,123,120,87,143,145,210,216,230,206,281,295,285,285,277,280,292,227,250,239,250,168,166,144,187,195,181,175,220,223,225,225,238,237,248,241,347,345,379,373,470,468,453,443,454,454,550,546,534,517,649,649,1173,1172,982,964]} 1. d4 Nf6 2. c4 e6 3. Nc3 c5 4. d5 exd5 5. cxd5 d6 6. Nf3 g6 7. Bg5 Bg7 8. Nd2 h6 9. Bh4 O-O 10. e4 a6 {[#]} 11. a4 $1 Nbd7 {A71: Modern Benoni: 6 e4 g6 7 Nf3 Bg7 8 Bg5 without Be2} 12. Be2 Qc7 (12... Re8 13. O-O Qc7 14. Kh1 g5 15. Bg3 Ne5 16. f3 Nh5 17. Bxe5 Bxe5 18. Nc4 Bg7 19. a5 Bd7 20. Nb6 Rad8 21. g3 Bh3 22. Re1 Qe7 23. Qd3 Qe5 24. Bf1 Nxg3+ 25. hxg3 Qxg3 26. Qe2 Bd4 27. Rad1 Qg1# {0-1 (27) Agdestein,S (2602)-Nagy,G (2433) chess.com INT 2017}) 13. O-O b6 {White is better.} 14. f4 Re8 15. Qc2 Nf8 ({Black should play} 15... Rb8) 16. Nc4 $146 ({Predecessor:} 16. h3) 16... N6h7 (16... N6d7 $16 {is a better defense.} 17. Bg3 Bb7) 17. Bg3 $18 Bd4+ 18. Kh1 Bb7 19. e5 Bxc3 20. Qxc3 ({Don't do} 20. exd6 $6 Qb8 $18) 20... Bxd5 21. Nxd6 Qc6 22. Rf2 ({Less strong is} 22. Nxe8 Bxg2+ 23. Kg1 Bxf1 $16) 22... Ne6 23. Nxe8 Rxe8 24. b4 {Black must now prevent b5.} c4 25. Bf1 Nc7 26. Rd2 b5 27. axb5 Nxb5 28. Qe3 c3 29. Rc2 Nf6 30. Bxb5 Qxb5 31. Qxc3 Ne4 (31... Nh5 $142 32. Qd2 Be4) 32. Qd4 Rd8 33. Kg1 Kh7 34. e6 {White is clearly winning.} Qe8 35. exf7 Bxf7 36. Qe5 Rd5 37. Qxe8 Bxe8 38. Rc7+ Kg8 39. Re7 Nxg3 40. Rxe8+ Kf7 41. Re5 {Accuracy: White = 81%, Black = 39%.} ({Not} 41. hxg3 Kxe8 42. Rxa6 Kf7 $18) 1-0

[Event "POL-chT DMP Ekstraliga 2019"]
[Site "Katowice"]
[Date "2019.08.28"]
[Round "1.21"]
[White "Druska, Juraj"]
[Black "Kanarek, Marcel"]
[Result "1-0"]
[WhiteElo "2460"]
[BlackElo "2493"]
[Annotator "TA"]
[PlyCount "85"]
[EventDate "2019.08.28"]
[EventType "team-tourn"]
[EventCountry "POL"]
[SourceTitle "playchess.com"]
[Source "ChessBase"]
[SourceQuality "1"]

{[%evp 14,85,22,18,32,0,11,0,17,0,0,0,0,-6,-6,-6,-8,-7,0,-8,0,0,0,0,6,0,0,0,0,0,0,0,0,-58,-52,-42,-53,-51,-33,-88,-67,-83,-83,-184,-90,-87,-93,-97,-100,-343,0,-56,0,0,670,604,670,623,650,636,636,634,29986,29987,29987,29988,29989,29990,29990,29991,29991,29992,29992,29993]} 1. e4 c5 2. Nf3 Nc6 3. Bb5 g6 4. O-O Bg7 5. Re1 e5 6. Bxc6 dxc6 7. d3 Qe7 8. a4 Nf6 {B31: Sicilian: 2...Nc6 3 Bb5 g6} 9. Nbd2 Nd7 10. a5 Nf8 {The position is equal.} 11. b3 $146 ({Predecessor:} 11. Nc4 Bg4 12. h3 Bxf3 13. Qxf3 Ne6 14. b3 O-O 15. Bb2 Nd4 16. Bxd4 cxd4 {0-1 (56) Radibratovic,P (2320)-Velimirovic,D (2458) Vrnjacka Banja 2004}) 11... Ne6 12. Nc4 f6 13. Ba3 O-O 14. Qb1 Rd8 15. b4 cxb4 16. Bxb4 Qc7 17. Qb3 Kh8 18. Reb1 Rb8 19. Bc3 Nf4 20. Bd2 Be6 21. Re1 b5 22. axb6 $1 axb6 {Hoping for ...b5.} 23. Qb2 (23. Bxf4 $11 exf4 24. Qc3) 23... b5 $36 {[%mdl 2048] Black is more active.} 24. Ba5 Qc8 25. Ne3 Re8 26. g3 (26. Bd2 $15) 26... Nh3+ $17 27. Kg2 {[#]} b4 $1 {[%mdl 512]} 28. c3 {[#]} (28. Nd2 $17) (28. Bxb4 c5) 28... b3 (28... Nf4+ $1 $19 {[%mdl 512] and Black stays clearly on top.} 29. gxf4 exf4 30. cxb4 f5) 29. c4 Qd7 30. Red1 Bh6 31. d4 $2 (31. Ng1 $17 {was worth a try.}) 31... Nf4+ $2 (31... Bxe3 $1 $19 32. fxe3 Bg4) 32. Kg1 ({Avoid the trap} 32. gxf4 $2 exf4 33. Nf1 Bh3+ 34. Kh1 Qg4 $19) (32. Kh1 $11) 32... Bg4 ({Better is} 32... exd4 $1 $15 33. gxf4 c5 34. Nxd4 cxd4) 33. dxe5 $11 Nh3+ $2 {[%mdl 8192]} (33... Qc8 $11 34. Nxg4 (34. gxf4 Bxf3 35. exf6 Kg8 $11) 34... Qxg4) 34. Kf1 $18 Qc8 35. exf6 Kg8 36. Nxg4 Qxg4 {[#]} 37. Ne5 $1 {[%mdl 64] Double Attack} Qxe4 38. f7+ {[%mdl 64] Double Attack. White mates.} Kf8 {[#]} 39. Bb4+ $1 {[%mdl 576] Promotion} Rxb4 40. fxe8=Q+ Kxe8 41. Ra8+ Ke7 42. Rd7+ Kf6 43. Nf7+ {Accuracy: White = 48%, Black = 54%.} 1-0

[Event "POL-chT DMP Ekstraliga 2019"]
[Site "Katowice"]
[Date "2019.08.28"]
[Round "1.22"]
[White "Janik, Igor"]
[Black "Kaczmarek, Aleksander"]
[Result "1-0"]
[WhiteElo "2483"]
[BlackElo "2389"]
[Annotator "TA"]
[PlyCount "93"]
[EventDate "2019.08.28"]
[EventType "team-tourn"]
[EventCountry "POL"]
[SourceTitle "playchess.com"]
[Source "ChessBase"]
[SourceQuality "1"]

{[%evp 9,105,18,24,27,16,10,32,32,41,38,33,45,33,46,32,35,41,29,40,29,37,27,39,0,0,0,19,19,24,22,19,22,22,24,20,4,17,-93,-25,-27,-39,-37,0,0,0,0,0,0,17,16,91,32,267,67,66,52,52,68,114,74,102,147,284,295,317,351,326,299,597,542,537,530,581,448,437,445,398,302,279,279,778,762,749,749,628,598,572,512,780,780,1676,774,5299,5197,29979,29980,29983,789]} 1. e4 c6 2. d4 d5 3. e5 c5 4. dxc5 e6 5. Bd3 (5. a3 Nc6 6. Nf3 Bxc5 7. b4 Bb6 8. b5 Nb8 9. Bb2 a6 10. a4 Nh6 11. Be2 axb5 12. axb5 Rxa1 13. Bxa1 {1-0 (40) Grischuk,A (2771)-Navara,D (2739) Shamkir 2019}) 5... Nc6 6. Nf3 {B12: Caro-Kann: Advance Variation} Bxc5 7. a3 f6 (7... Qc7 {seems wilder.} 8. Bf4 Nge7 9. Bg3 O-O 10. O-O h6) 8. b4 {White is slightly better.} Bb6 9. Bb2 fxe5 10. O-O Nf6 {...e4 is the strong threat.} 11. Nxe5 O-O 12. Nd2 a5 $146 ({Predecessor:} 12... Nxe5 13. Bxe5 {1-0 (54) Charochkina,D (2336)-Schepetkova,M (2238) Satka 2018}) 13. b5 Nxe5 14. Bxe5 Bd7 15. Qe2 Qe7 16. c4 Be8 17. Kh1 Nd7 18. Bb2 {Black must now prevent cxd5.} Nc5 19. Bc2 Rd8 20. cxd5 Rxd5 21. a4 Bc7 22. Nc4 $40 {[%mdl 128] White mounts an attack.} Qg5 23. Qe3 (23. Ne3 $11 Rd8 24. f3) 23... Bf4 ({Black should try} 23... Rf4 $17 24. Qc3 Bh5) 24. Qc3 $1 $11 (24. Qh3 Bg6 $17) 24... Qh6 {[%csl Gf4][%cal Rh6h2]} 25. h3 Bh5 26. Rae1 (26. Nxa5 $2 Bd2 $19) 26... Rf6 27. Qa3 {Threatens to win with Nb6.} ({Don't go for} 27. Qxa5 $2 Bf3 $1 $19 {[%mdl 512]}) 27... Rf8 28. Be5 Bxe5 29. Rxe5 b6 (29... Qf4 $11 {keeps the balance.} 30. Rxd5 exd5) 30. Re3 $1 $16 Qg5 $2 ({Better is} 30... Rb8 $14) 31. Qc3 $2 ({Only move:} 31. Nxb6 $18 Re5 32. Nc4 Rxe3 33. Nxe3 (33. Qxe3 Qxe3 34. Nxe3 Be2 $16)) 31... Qd8 $14 32. Rg3 $1 {[%csl Gg3][%cal Rc3g7]} Rf7 {Threatening ...Be2.} 33. Re1 Rg5 34. Qe3 Rxg3 35. fxg3 Rf6 {[#]} (35... Bg6 $16 36. Bxg6 hxg6) 36. Nxa5 $1 $18 {[%cal Bc4a5,Ba5c6,Bc6e5][%mdl 544]} Qd5 (36... bxa5 37. Qxc5) 37. Nc6 Qc4 38. Rc1 {Hoping for Bxh7+!} Rf1+ $2 (38... Qe2 39. Qg1 Qd2) 39. Rxf1 Qxf1+ 40. Kh2 Be8 41. Qd2 Qf8 42. Ne5 Qe7 43. Qd4 Qc7 44. Nc4 Bg6 $2 (44... Nd7 45. Nd6 Bh5) 45. Bxg6 hxg6 {[#]} 46. a5 $1 {[%mdl 512]} bxa5 {[#]} 47. b6 {Played: Nc4xa5} 1-0

[Event "POL-chT DMP Ekstraliga 2019"]
[Site "Katowice"]
[Date "2019.08.28"]
[Round "1.23"]
[White "Mikrut, Dariusz"]
[Black "Tomczak, Mikolaj"]
[Result "1/2-1/2"]
[WhiteElo "2375"]
[BlackElo "2432"]
[Annotator "TA"]
[PlyCount "102"]
[EventDate "2019.08.28"]
[EventType "team-tourn"]
[EventCountry "POL"]
[SourceTitle "playchess.com"]
[Source "ChessBase"]
[SourceQuality "1"]

{[%evp 16,102,6,1,7,0,7,0,0,0,0,0,6,10,53,12,42,18,23,22,20,-29,-35,-49,-49,-47,-52,-76,-75,-75,-67,-72,-48,-66,-69,-74,-46,-71,-64,-70,0,0,0,0,0,0,0,-33,0,0,0,0,0,0,0,0,0,-120,-118,-121,-99,-118,-25,-7,-20,-36,0,0,0,0,0,0,0,0,0,0,0,0,129,0,0,0,0,0,0,0,0,0,0]} 1. d4 Nf6 2. c4 e6 3. Nc3 Bb4 4. e3 O-O 5. Nge2 d5 6. a3 Bd6 7. c5 Be7 8. b4 b6 9. Nf4 c6 {E46: Nimzo-Indian: Rubinstein: 4 e3 0-0 5 Ne2 without early Bd3} 10. Be2 Nbd7 11. Nd3 a5 12. Bd2 (12. Bb2 axb4 13. axb4 Ba6 14. O-O Bc4 15. Qc2 Qc7 16. f4 {0-1 (51) Caruana,F (2816)-Anand,V (2759) Leuven 2018}) 12... Ba6 13. O-O Bc4 14. Qc2 {[#]} b5 $146 ({Predecessor:} 14... Qc7 15. Rfb1 axb4 16. axb4 g6 17. f3 {½-½ (99) Jussupow,A (2566)-Iordachescu,V (2607) Bad Wiessee 2009}) 15. f4 Ra6 16. bxa5 {Black must now prevent Nb4.} Rxa5 17. Nb4 Qa8 18. Bxc4 bxc4 19. a4 Rb8 20. Rfb1 Bd8 21. Rb2 Ra7 22. Rab1 Ba5 23. Nba2 Rc8 24. h3 g6 25. Be1 Nh5 26. g4 Nhf6 27. Bh4 h5 (27... Bc7 $15) 28. f5 $11 exf5 29. gxf5 Kh7 30. fxg6+ fxg6 31. Kh1 Re8 32. Rg1 Ne4 33. Qg2 $1 {[%cal Rg2g6]} Nf8 34. Nxe4 Rxe4 {[%mdl 64] [#] Double Attack} 35. Bg3 $1 {aiming for Rb8.} Bc7 36. Rf2 (36. Bxc7 $11 {remains equal.} Rxc7 37. Qg3) 36... Bxg3 $17 37. Qxg3 {[#]} Qe8 $1 38. Rf3 Rf7 (38... Rae7 $17 {[%cal Re4e3]} 39. Re1 Nd7) 39. Rgf1 $132 {[%mdl 2048] White is not holding back} Rxf3 40. Rxf3 Nd7 41. Nc3 Re6 42. a5 {Threatening a6.} Nb8 43. Qf4 Kg7 44. Kg2 Na6 45. e4 dxe4 46. Re3 $1 g5 (46... Nb4 $11 {keeps the balance.}) 47. Qf5 ({White has to play} 47. Rg3 $16) 47... Qg6 {The position is equal.} 48. Qxg6+ Kxg6 49. Rxe4 Kf5 50. Rxe6 Kxe6 51. Kf3 Nb4 {Accuracy: White = 61%, Black = 54%.} 1/2-1/2

[Event "POL-chT DMP Ekstraliga 2019"]
[Site "Katowice"]
[Date "2019.08.28"]
[Round "1.24"]
[White "Cyfka, Karina"]
[Black "Osmak, Iulija"]
[Result "1/2-1/2"]
[WhiteElo "2413"]
[BlackElo "2414"]
[Annotator "TA"]
[PlyCount "66"]
[EventDate "2019.08.28"]
[EventType "team-tourn"]
[EventCountry "POL"]
[SourceTitle "playchess.com"]
[Source "ChessBase"]
[SourceQuality "1"]

{[%evp 27,66,23,27,17,16,12,26,-8,5,0,23,18,24,25,20,21,20,16,29,37,33,11,11,11,11,11,11,11,11,11,11,11,19,14,33,0,0,0,0,0,0]} 1. d4 d5 2. c4 c6 3. Nc3 Nf6 4. Nf3 dxc4 5. a4 Bf5 6. e3 e6 7. Bxc4 Bb4 8. O-O O-O $146 ({Predecessor:} 8... Nbd7 9. Qe2 {½-½ (38) Radjabov,T (2748)-Mamedov,R (2704) Shamkir 2018}) 9. Qe2 Nbd7 10. e4 Bg6 11. Bd3 Bh5 12. e5 Nd5 13. Nxd5 cxd5 14. Qe3 Be7 15. Ng5 {D19: Slav Defence: 5 a4 Bf5 6 e3: Main line with 9 Qe2} Bxg5 $1 16. Qxg5 Bg6 17. Qxd8 {White has an edge.} (17. Bxg6 {is interesting.} hxg6 18. Qd2 Rc8 19. b3 Qb6 20. Ba3) 17... Rfxd8 18. Be2 Nb8 19. Be3 Nc6 20. Rfc1 Rdc8 21. Rc3 Nb4 22. Raa3 a5 23. h4 h6 24. g4 Nc2 25. Rab3 Nxe3 26. fxe3 Bc2 27. Rxc8+ Rxc8 28. Rxb7 Bxa4 $11 {KRB-KRB} 29. Ra7 {Hoping for b4.} Bd1 30. Bxd1 Rc1 31. Rxa5 Rxd1+ {The position is equal.} 32. Kf2 Rd2+ {[%mdl 64] [#] Double Attack} 33. Kf3 {aiming for b4.} Rxb2 {Accuracy: White = 59%, Black = 70%.} 1/2-1/2

[Event "POL-chT DMP Ekstraliga 2019"]
[Site "Katowice"]
[Date "2019.08.28"]
[Round "1.25"]
[White "Kuzmicz, Krystian"]
[Black "Heberla, Bartlomiej"]
[Result "1/2-1/2"]
[WhiteElo "2461"]
[BlackElo "2552"]
[Annotator "TA"]
[PlyCount "31"]
[EventDate "2019.08.28"]
[EventType "team-tourn"]
[EventCountry "POL"]
[SourceTitle "playchess.com"]
[Source "ChessBase"]
[SourceQuality "1"]

{[%evp 10,31,0,0,27,10,27,27,27,34,23,35,39,32,36,43,7,0,0,0,0,0,0,0]} 1. e4 e5 2. Nf3 Nc6 3. Nc3 Nf6 4. g3 d5 5. exd5 Nxd5 6. Bg2 Nde7 {C47: Scotch Four Knights and Four Knights with 4 g3} (6... Nxc3 7. bxc3 Bd6 8. O-O O-O 9. Rb1 Rb8 10. d4 h6 11. Re1 Qf6 12. Be3 b6 13. Nd2 Na5 14. Ne4 Qg6 15. f4 exf4 16. Nxd6 cxd6 17. Bxf4 Bf5 18. Qe2 Bxc2 {½-½ (67) Ponomariov,R (2712)-Ding,L (2766) Huaian 2016}) 7. O-O g6 8. d4 exd4 {White has an edge.} 9. Nb5 $1 {[#] aiming for Bf4.} Bg7 10. Bf4 O-O 11. Nxc7 Rb8 12. Nb5 Ra8 13. Nc7 $146 {The position is equal.} ({Predecessor:} 13. c3 dxc3 14. bxc3 {½-½ (29) Adhiban,B (2627)-Erdos,V (2610) Biel 2015}) 13... Rb8 14. Nb5 {[#] Hoping for Bc7.} Ra8 15. Nc7 Rb8 16. Nb5 1/2-1/2

[Event "POL-chT DMP Ekstraliga 2019"]
[Site "Katowice"]
[Date "2019.08.28"]
[Round "1.27"]
[White "Skawinski, Arkadiusz"]
[Black "Piesik, Piotr"]
[Result "1/2-1/2"]
[WhiteElo "2398"]
[BlackElo "2409"]
[Annotator "TA"]
[PlyCount "79"]
[EventDate "2019.08.28"]
[EventType "team-tourn"]
[EventCountry "POL"]
[SourceTitle "playchess.com"]
[Source "ChessBase"]
[SourceQuality "1"]

{[%evp 9,79,12,17,12,21,22,26,34,56,44,45,8,8,0,0,0,0,16,4,0,0,0,0,0,0,-10,6,6,6,4,4,0,5,2,40,40,40,38,38,38,38,21,21,21,47,45,74,68,105,75,76,76,76,76,76,76,76,76,76,76,84,57,84,67,67,67,67,67,67,67,77,77]} 1. e4 c5 2. Nf3 d6 3. Bb5+ Nd7 4. Ba4 (4. O-O a6 5. Bd3 Ngf6 6. c3 b5 7. a4 c4 8. Be2 Bb7 9. axb5 axb5 10. Rxa8 Bxa8 11. Na3 Bxe4 12. Nxb5 d5 {½-½ (65) Harikrishna,P (2723)-Giri,A (2797) Shenzhen 2019}) 4... Ngf6 5. O-O e6 6. Re1 {B51: Sicilian: Moscow Variation (3 Bb5+) without 3...Bd7} Be7 7. c3 O-O 8. d4 {White has an edge.} e5 $146 ({Predecessor:} 8... Qc7 9. e5 Nd5 10. c4 Nb4 11. a3 Nc6 12. exd6 Bxd6 13. dxc5 Nxc5 14. Bc2 Be7 15. b4 {1-0 (42) Sikorova,O (2268)-Vojtek,V (2338) Tatranske Zruby 2004}) 9. Nbd2 a6 10. Bxd7 Nxd7 11. dxe5 Nxe5 12. Nxe5 dxe5 13. Nc4 f6 14. Ne3 Be6 15. c4 b5 16. Qc2 bxc4 17. Rd1 Qa5 18. Nxc4 Qb5 19. b3 Rfd8 {Black wants to play ...Rxd1+.} 20. Be3 Rxd1+ 21. Rxd1 Qc6 22. h3 Rd8 {next ...Rxd1+ is good for Black.} 23. Rxd8+ Bxd8 24. Nb2 Be7 $1 25. Na4 {[%cal Ra4c5]} c4 26. Nb2 {[%cal Rb2c4]} c3 27. Nd1 Bb4 {[#]} 28. Bd2 $1 {[%mdl 512]} f5 (28... cxd2 29. Qxc6) 29. Nxc3 (29. Bxc3 {looks sharper.} fxe4 30. Qb2 Bxc3 31. Qxc3 Qxc3 32. Nxc3 e3 33. fxe3 Kf7 34. Ne4) 29... Bxc3 30. Bxc3 Qxe4 31. Qxe4 fxe4 32. Bxe5 $16 {[%mdl 4096] Endgame KB-KB} Bd7 33. Kf1 Bb5+ 34. Ke1 Kf7 35. g3 g6 36. a4 Bd7 37. h4 Be6 38. b4 Bd7 39. a5 Ke6 40. Bf4 {Accuracy: White = 81%, Black = 61%.} 1/2-1/2

[Event "POL-chT DMP Ekstraliga 2019"]
[Site "Katowice"]
[Date "2019.08.28"]
[Round "1.28"]
[White "Simantsev, Mikhail"]
[Black "Luch, Michal"]
[Result "1/2-1/2"]
[WhiteElo "2346"]
[BlackElo "2393"]
[Annotator "TA"]
[PlyCount "95"]
[EventDate "2019.08.28"]
[EventType "team-tourn"]
[EventCountry "POL"]
[SourceTitle "playchess.com"]
[Source "ChessBase"]
[SourceQuality "1"]

{[%evp 14,95,35,38,47,30,27,44,33,0,-9,-10,95,58,95,0,0,-6,35,0,0,0,0,0,0,-6,0,0,13,0,12,15,8,-17,-21,-26,-18,-16,-16,-28,-29,-36,-24,-67,-57,-98,-86,-87,-79,-121,-120,-129,-112,-125,-123,-136,-148,-106,-8,-26,0,-33,0,-15,0,0,0,0,0,-19,-19,-26,-8,-8,-8,-8,0,-8,-8,-8,-8,-8,-8,-8]} 1. d4 Nf6 2. c4 c5 3. d5 b5 4. cxb5 a6 5. e3 g6 6. Nc3 Bg7 7. a4 O-O 8. e4 Bb7 {A57: Benko/Volga Gambit} 9. e5 Ne8 $1 10. Nf3 d6 {White is slightly better.} 11. e6 $146 ({Predecessor:} 11. Bf4 Nd7 12. exd6 Nxd6 13. bxa6 Bxa6 14. Bxa6 Rxa6 15. O-O Qb6 16. Qe2 {1-0 (68) Edouard,R (2664)-Milliet,S (2421) Cap d'Agde 2012}) 11... fxe6 12. Ng5 Bxc3+ (12... Nc7 $1 $11 {keeps the balance.}) 13. bxc3 $16 Ng7 {[#]} 14. dxe6 (14. h4 $1 $16) 14... axb5 $11 15. h4 {White wants to play h5.} Qc8 16. Be2 h6 17. Nf7 Qxe6 18. Nxh6+ Kh7 19. O-O Qe4 {[%csl Gb7][%cal Re4g2]} 20. Bf3 Rxf3 21. gxf3 Qxf3 22. Qxf3 Bxf3 $40 {[%mdl 128] White needs to defend precisely.} 23. Nf7 {Threatens to win with Ng5+.} Bd5 24. Ng5+ Kg8 25. a5 Nf5 26. Re1 Nc6 27. a6 Nxh4 28. a7 Nf5 29. Ne6 Bxe6 30. Rxe6 Kf7 31. Re2 {Strongly threatening Ra6.} Rxa7 32. Rxa7 Nxa7 $17 {[%mdl 4096] Endgame KRB-KNN} 33. Ra2 Nc6 34. Ra6 Ne5 35. Rb6 {[#]} Nd3 ({Better is} 35... Ke6 $1 $17 36. Rxb5 Kd5) 36. Bd2 $11 Ne5 {Hoping for ...Nf3+.} 37. Bf4 {And now Bxe5 would win.} Nd3 38. Bd2 b4 (38... d5 {is interesting.} 39. Rxb5 Nd6 40. Ra5 e5 41. Kf1 Ne4) 39. cxb4 cxb4 40. Bxb4 Nd4 41. Bxd6 exd6 42. Rxd6 Nf3+ 43. Kg2 {The position is equal.} Nde5 (43... Ke7 {keeps more tension.} 44. Kxf3 Ne5+ 45. Kf4 Kxd6 46. Kg5 Ke6) 44. Kg3 g5 45. Rd5 Ke6 46. Rxe5+ Nxe5 47. f4 gxf4+ 48. Kxf4 {Accuracy: White = 40%, Black = 53%.} 1/2-1/2